Finančná analýza majetku spoločnosti JAKOS, a.s. Kostolište = Financial analysis of fortune JAKOS, joint-stock-company Kostolište : Diplomová práca
Salvato in:
| Autore principale: | |
|---|---|
| Altri autori: | |
| Natura: | Manoscritto Libro |
| Lingua: | slovacco |
| Pubblicazione: |
Trnava :
STU v Bratislave MtF KPIM,
2007
|
| Soggetti: | |
| Tags: |
Nessun Tag, puoi essere il primo ad aggiungerne!!
|
MARC
| LEADER | 00000ntm a22000003a 4500 | ||
|---|---|---|---|
| 001 | stu144984 | ||
| 005 | 20160719155759.9 | ||
| 008 | 070906s2007----xo------------------slo-d | ||
| 040 | |a STU |b slo | ||
| 041 | 0 | |a slo | |
| 044 | |a xo | ||
| 100 | 1 | |a Kršková, Barbora |4 aut | |
| 245 | 1 | |a Finančná analýza majetku spoločnosti JAKOS, a.s. Kostolište = Financial analysis of fortune JAKOS, joint-stock-company Kostolište : |b Diplomová práca | |
| 260 | |a Trnava : |b STU v Bratislave MtF KPIM, |c 2007 | ||
| 300 | |a 89 s |c príl (1 CD-ROM) | ||
| 500 | |a Program: priemyselné manažérstvo | ||
| 650 | 7 | |a finančná analýza |2 stusub | |
| 700 | 1 | |a Mulíková, Dagmar, |d 1956- |4 xxx |u M |T MTF Materiálovotechnologická fakulta |X 4403 |U M |Y 60 |7 A000004403 | |
| 996 | |b 284M065822 |c M*DP-6861 |l MMSKP |s P |a 0 |w stu144984_0001 | ||